世界跨时区的国家 - Statistics

General Stats
  • This quiz has been taken 359 times
  • The average score is 16 of 24
Answer Stats
首都时区
(协调世界时)
国家 % Correct
+3 俄罗斯
98%
-5 美国
97%
-5 加拿大
94%
0 英国
93%
+1 法国
93%
-3 巴西
89%
+10 澳大利亚
87%
+1 西班牙
82%
+7 印度尼西亚
79%
-6 墨西哥
74%
+6 哈萨克斯坦
73%
0 葡萄牙
72%
+12 新西兰
67%
+8 蒙古
64%
+1 丹麦
63%
+1 荷兰
58%
+2 乌克兰
51%
+12 基里巴斯
45%
+11 密克罗尼西亚联邦
41%
+10 巴布亚新几内亚
38%
-4 智利
38%
+1 刚果民主共和国(金)
34%
-5 厄瓜多尔
24%
+4 格鲁吉亚
11%
No matching quizzes found
Score Distribution
Percent of People with Each Score
Percentile by Number Answered
Your Score History
You have not taken this quiz